000 00506nam a2200193Ia 4500
005 20250326142621.0
008 250326s9999 xx 000 0 und d
037 _aTextbook
040 _aFMSL
_beng
_cFMSL
041 _aeng
_2eng
084 _qFMSL
100 _aUrban GL
_9746318
245 0 _aDesign and Marketing of new products
_cUrban Gl; Hauser Jr
250 _aEd 2
260 _aEnglewood
_bEnglewood, Prentice Hall
_c1993
300 _a728p
942 _cTB
999 _c1295848
_d1295848